Catálogo

EL ENCUENTRO DE LA VALQUIRIA (Registro nro. 4391)

Detalles MARC
000 -LEADER
fixed length control field 00470nam a2200181 a 4500
001 - CONTROL NUMBER
control field 4391
005 - DATE AND TIME OF LATEST TRANSACTION
control field 20180713184253.0
008 - FIXED-LENGTH DATA ELEMENTS--GENERAL INFORMATION
fixed length control field 140415s1980 000 0 spa d
041 ## - LANGUAGE CODE
Language code of text/sound track or separate title spa
082 ## - DEWEY DECIMAL CLASSIFICATION NUMBER
Classification number 833
Item number MAR
100 1# - MAIN ENTRY--PERSONAL NAME
Personal name MARLOWE, STEPHEN
245 13 - TITLE STATEMENT
Title EL ENCUENTRO DE LA VALQUIRIA
250 ## - EDITION STATEMENT
Edition statement 1a ed.
260 ## - PUBLICATION, DISTRIBUTION, ETC.
Place of publication, distribution, etc. [s.l.] :
Name of publisher, distributor, etc. EDIVISION COMPAÑIA EDITORIAL,
Date of publication, distribution, etc. 1980
300 ## - PHYSICAL DESCRIPTION
Extent 375
650 14 - SUBJECT ADDED ENTRY--TOPICAL TERM
Topical term or geographic name entry element NOVELA ALEMANA
700 1# - ADDED ENTRY--PERSONAL NAME
Personal name MORALES, PABLO
Relator term tr.
Existencias
Withdrawn status Lost status Source of classification or shelving scheme Damaged status Not for loan Collection code Home library Current library Shelving location Date acquired Source of acquisition Inventory number Total Checkouts Full call number Barcode Date last seen Date last checked out Price effective from Koha item type
    Dewey Decimal Classification     General Biblioteca Karol Wojtyla Biblioteca Karol Wojtyla Sala general 03/12/2013 Compra 151000000000000000032913 1 833 MAR 15879 05/01/2026 06/03/2020 03/12/2013 Libro